| 000 | 009410000a22002170004500 | ||
|---|---|---|---|
| 020 |
_a84-7914-222-7, _65.000 |
||
| 082 | 0 | 4 | _aG 230 R875i |
| 100 | 1 | _aRovira Belloso, Josep M. (1926) | |
| 245 | 1 | 0 | _aIntroducción a la Teología / José M.ª Rovira Belloso |
| 250 | _a2 | ||
| 260 | _aMadrid : Biblioteca de Autores Cristianos | ||
| 300 | _a358 p. | ||
| 440 | 0 | _aSAPIENTIA FIDEI : Serie de Manuales de Teología ; v.14 | |
| 505 | 0 | 0 | _aRevelación, fe y teología - Teología y teologías - Teología como ciencia - Las fuentes de la teología - Las mediaciones de la teología - La escritura, "alma" de la teología - La tradición - El magisterio - El lenguaje de la teología - Inculturación |
| 650 | 1 | 4 | _aTEOLOGIA \ TEOLOGIA Y FILOSOFIA \ TEOLOGIA BIBLICA \ TEOLOGIA - HISTORIA |
| 001 | 14970 | ||
| 942 | _cBK | ||
| 999 |
_c43786 _d43786 |
||
| 336 |
_atexto _btxt _2rdacontent |
||
| 337 |
_2rdamedia _asin mediación _bn |
||
| 338 |
_2rdacarrier _avolumen _bnc |
||